000 00686nam a2200241 a 4500
001 BRCA_5438
005 20190320205058.0
008 141210s1900----gw-a######---#000-0#ger-#
041 _ager
044 _agw
050 4 _aND699
_b.Z33 1900
100 1 _aZabel, Eugene
_913886
245 1 0 _aWereschtichagin
_cvon Eugen Zabel.
260 _aBielefeld, Alemania
_bVelhagen & Klasing
_c1900
300 _a68 p.
_bil., 77 láminas
_c25 cm.
440 0 _aKünstler-Monographien
_v47
_913466
500 _aE153
600 1 4 _aWereschtschagin, Vasili Vasilievich
_d1824-1904
_913887
650 1 4 _aPinturas rusas
_913888
650 1 4 _aPintores rusos
_913673
902 _aGFM
942 _2lcc
_cB
999 _c5132
_d5132